00675nam a2200229 a 4500001001300000003000900013005001700022008004100039020001000080082001600090100002500106245003400131260004200165300000900207500003500216505001000251650002300261902000800284942000700292952012900299999001700428nice12345678IN_TiNIC20260116013922.0050524s1994 oxfa grp 000 0 eng  ac39500a291.24bLEE aLeeming David, Adams aDictionary of Creation Myths. aOxfordbOxford University Pressc1994 a330p aincludes index and biblioraphy2 aIndex aMythology-Creation bSRS cBK 001040708StackRoom-aHMIbHMId2012-10-16g395.00l1o291.24 LEEp017286r2022-03-22s2022-03-21v395.00w2005-05-24yBK c13107d13107